• 首页
  • 本馆介绍
  • 公告通知
  • 最新文献
  • 馆藏检索
  • 电子资源
  • 读者导购
  • 参考咨询
  • 我的图书馆
  • 登录
  • 详细信息显示
  • 放入我的书架
  • 预约/预借图书
  • 作者相关作品
  • 分类相关作品
  • 丛书相关作品
  • 出版社相关作品

书目信息

  • 表格格式
  • 工作单格式
  • 卡片格式
题名:
你生命中的休闲
    
 
作者: 杰弗瑞·戈比 ;康筝
分册:  
出版信息: 昆明   云南人民出版社  2000
页数:
开本:
丛书名:
单 册:
中图分类: G1
科图分类:
主题词: 文化事业--概况--世界 , 文化事业--基本建设
电子资源:
ISBN: 7-222-02554-5
000 00586nam0 2200193 450
001 0735257515
005 20070904094737.51
010    @a7-222-02554-5@d28
100    @a20070904d km y0chiy0120 ea
101 0  @achi
200 1  @a你生命中的休闲@Ani sheng ming zhong de xiu xian@f杰弗瑞.戈比@Fjie fu rui.ge bi@g康筝@Gkang zheng
210    @a昆明@c云南人民出版社@d2000
606 0  @a文化事业@x概况@x世界
606 0  @a文化事业@x基本建设
690    @aG1@v3
701  0 @a杰弗瑞·戈比@Ajie fu rui·ge bi
702  0 @a康筝@Akang zheng
801  0 @aCN@bPFT@c20070904
905    @a213230@dG1@ea19@f1
    
    你生命中的休闲/杰弗瑞.戈比/康筝.-昆明:云南人民出版社,2000
    
    
    
    ISBN 7-222-02554-5:28
    
●
相关链接 在E读中查询图书 在五车中查询图书 在当当中查询图书 在豆瓣中查询图书


正题名:你生命中的休闲     索取号:G1/a19         预约/预借

序号 登录号 条形码 馆藏地/架位号 状态 备注
1 7503311   275033116   史法系资料室/ [索取号:G1/a19] 在馆    
唐山师范学院图书馆 欢迎您!
大连网信软件有限公司© 版权所有